1074 1682 1795 1825 1194 1751 1756 1397 1931 1135 1469 1716 1655 1452 1416 1885 1640 1476 1338 1843 1902 1099 1218 1029 1691 1258 1817 1081 1166 1050 1022 1073 1501 1097 1852 1371 1534 1410 1966 1902 1604 1817 1133 1893 1431 1883 1877 1116 1506 1216 1153 1111 1057 1439 1961 1681 1500 1986 1396 1933 1822 1280 1772 1076 1609 1636 1881 1449 1268 1962 1228 1794 1140 1361 1658 1362 1108 1177 1038 1158 1546 1409 1541 1365 1746 1037 1970 1701 1610 1645 1355 1747 1650 1344 1177 1335 1296 1150 1603 BCNSPRNW ULIB Ver.6.0+V

เปลี่ยนเป็นภาษาไทย

Change to English
 แสดงรายละเอียดบรรณานุกรม
  กลับหน้าหลัก

Brief Record : Get Marc (ISO 2709) : E-mail record : QR code < ปิดหน้าต่าง
LEADER : 00000nam 2200000uu 4500
001    13399120740
003     ULIB
008    121005s2550||||th 000 0 tha d
020    ^a9789748184876
050  4 ^aBQ6160^bม111 ล.2
100 0  ^aแม่ชีทศพร เทวาพิทักษ์ธรรม
245 10 ^aแม่ชีทศพร เทวาพิทักษ์ธรรม 2/^cแม่ชีทศพร เทวาพิทักษ์ธรรม
250    ^aพิมพ์ครั้งที่ 3
260    ^aกรุงเทพฯ :^bสมาร์ท อินเตอร์คอมมิวนิเคชั่น,^c2550
300    ^a144 หน้า^bภาพประกอบ
650  7 ^aธรรมกับชีวิตประจำวัน
650  7 ^aการปฏิบัติธรรมธรรม
945    ^p160^l0^i14906
995    ^aวิภา
999 ^a ใช้งานได้ทุกระบบ
รายการนี้ยังไม่มีแท็ก
คุณยังไม่ได้ล็อกอิน คุณสามารถมีกิจกรรมร่วมกับเว็บไซต์ได้ แต่ต้องล็อกอินก่อน ::
  ล็อกอิน

รายการสื่อสารสนเทศ

ลำดับที่ ประเภท เลขเรียก/บาร์โค้ด สถานที่ สถานะ
1. วิทยาศาสตร์การแพทย์ และสุขภาพ
วิทยาศาสตร์การแพทย์ และสุขภาพ
BQ6160 ม111 ล.2  
  Barcode: 14906
ห้องสมุดวิทยาเขตสวรรค์ประชารักษ์
►หนังสือทั่วไป
บนชั้น

รายการใกล้เคียง
    ผู้แต่ง [แม่ชีทศพร เทวาพิทักษ์ธรรม]

    หัวเรื่อง [ธรรมกับชีวิตประจำวัน]
    หัวเรื่อง [การปฏิบัติธรรมธรรม]

BibComment


ยังไม่เคยถูกคอมเมนท์

คอมเมนท์ทรัพยากรรายการนี้
  คอมเมนท์: แม่ชีทศพร เทวาพิ..


 Copyright 2026. Bcnsprnw @Library